Marketing management (Record no. 173381)

MARC details
000 -LEADER
fixed length control field 00326nam a2200133Ia 4500
008 - FIXED-LENGTH DATA ELEMENTS--GENERAL INFORMATION
fixed length control field 231217s9999 xx 000 0 und d
041 ## - LANGUAGE CODE
Language code of text/sound track or separate title English
082 ## - DEWEY DECIMAL CLASSIFICATION NUMBER
Classification number 658.8 SAX R
100 ## - MAIN ENTRY--PERSONAL NAME
Personal name Saxena, Rajan.
245 #0 - TITLE STATEMENT
Title Marketing management
260 ## - PUBLICATION, DISTRIBUTION, ETC.
Date of publication, distribution, etc. 1997
Name of publisher, distributor, etc. Tata McGraw-Hill
Place of publication, distribution, etc. New Delhi
300 ## - PHYSICAL DESCRIPTION
Extent xvii+571
942 ## - ADDED ENTRY ELEMENTS (KOHA)
Koha item type Books
Holdings
Date last seen Total checkouts Full call number Accession number Price effective from Category Lost status Damaged status Department Withdrawn status Home library Current library Shelving location Entry date Vendor Grants Billdate Currency symbol Conversion rate Discount Old discount
26/01/2024   658.8 SAX R 30570 26/01/2024 Books     MBA   Central Library Central Library MBA 21/10/2004 Publisher MBA 08/03/2007 RS 1    
26/01/2024   658.8 SAX;5 42333 26/01/2024 Books     Central Library   Central Library Central Library Central Library 17/07/2006 Publisher DONATED 03/01/2011 RS 1    

© For any Suggestions or Query, please contact the library staff @ librarian@pes.edu or Phone: +9180 2672 1983/ 2108.